Every Zone 7 Tower - Statistics

General Stats
  • This quiz has been taken 4 times
  • The average score is 8 of 15
Answer Stats
Difficulty Tower % Correct
Difficult Tower of {Bygone Relic}
100%
Medium Tower of {Jazz}
100%
Hard Tower of {Rough Waters}
100%
Hard Tower of {Sweet Victory}
100%
Difficult Tower of {Destructive Fever}
67%
Challenging Tower of {Growing Madness}
67%
Remorseless Citadel of {A Cruel Tale}
33%
Intense Tower of {Cone Mesh Climbing}
33%
Challenging Tower of {Cylindrical Expansion}
33%
Terrifying Tower of {Fractured Memories}
33%
Intense Tower of {Swift and Precise Sections}
33%
Terrifying Tower of {Uncanny Agony}
33%
Remorseless Tower of {Uncontrollable Ire}
33%
Challenging Tower of {White Space}
33%
Intense Tower of {Yore}
33%
No matching quizzes found
Score Distribution
Percent of People with Each Score
Percentile by Number Answered
Your Score History
You have not taken this quiz